| 000 | 00565nam a2200193 i 4500 | ||
|---|---|---|---|
| 001 | 189015 | ||
| 003 | SpMaBN | ||
| 005 | 20230906223347.0 | ||
| 008 | 190321s1986 xxka |||| | eng u | ||
| 020 | _a0-904654-31-1 | ||
| 100 | 1 |
_aHarris, P. R. _9166631 |
|
| 245 | 1 | 4 |
_aThe Reading Room / _cP.R. Harris. |
| 250 | _a1st publ. 1979, repr., with corrections, 1986. | ||
| 260 |
_aLondon : _bBritish Library, _c1986. |
||
| 300 |
_a37 p. : _bil. ; _c24 cm. |
||
| 610 | 2 | 7 |
_aBritish Library. _92244 |
| 710 | 2 |
_aBritish Library. _92244 |
|
| 852 |
_aES-MaACL _j2338-F-22 |
||
| 999 |
_c189015 _d189015 |
||